000 01121cam a2200277 a 4500
001 15934558
005 20170105102406.0
008 091006s2010 vau b 001 0 eng
010 _a 2009041959
020 _a9781416609131 (pbk. : alk. paper)
040 _aDLC
_cDLC
_dDLC
043 _an-us---
050 0 0 _aLA217.2
_b.H48 2010
082 0 0 _a370.973
_222
100 1 _aHess, Frederick M.
245 1 0 _aEducation unbound : the promise and practice of greenfield schooling
_bthe promise and practice of greenfield schooling
_cFrederick M. Hess.
260 _aAlexandria, Va. :
_bASCD,
_cc2010.
300 _axii, 178 p. ;
_c23 cm.
504 _aIncludes bibliographical references (p. 152-168) and index.
505 0 _aWhat is greenfield schooling? -- Tilling the field -- Barriers -- Quality -- Talent -- Money -- Getting started.
650 0 _aEducational change
_zUnited States.
650 0 _aEducational innovations
_zUnited States.
906 _a7
_bcbc
_corignew
_d1
_eecip
_f20
_gy-gencatlg
942 _2ddc
_cBK
999 _c12685
_d12685